000 00982nam0a22002531 4500
001 rc\4523661
005 20250611190744.0
035 _a(NLR Aleph) 008352255
090 _a8945094
_c8945094
100 _a20130416d1960 |||y0rusy50 ca
101 0 _arus
102 _aRU
105 _aa z |||||
200 1 _aВременное руководство по подготовке радиометрической аппаратуры к работе
_fСовет нар. хозяйства Челябинск. экон. адм. района. Челябинск. науч.-исслед. ин-т горного дела
210 _aКопейск
_cБ. и.
_d1960
215 _a55 с., 1 л. черт.
_cил.
_d20
300 _aСост. указан на обороте тит. л.
333 _aДСП. Экз. № 297
700 1 _aКалечиц
_bР.В.
_4220
801 0 _aRU
_bNLR
_gpsbo
801 1 _aRU
_bELAR
_2rusmarc
852 _aNLR
_j60-3/1353
942 _cBOOK
980 _aNB